Metodología de la investigación : (Registro nro. 53270)

Detalles MARC
000 -LEADER
campo de control de longitud fija 05935cam a22008054i 4500
001 - NÚMERO DE CONTROL
campo de control u50801
003 - IDENTIFICADOR DE NÚMERO DE CONTROL
campo de control PE-LiUPU
005 - FECHA Y HORA DE LA ÚLTIMA TRANSACCIÓN
campo de control 20250731165613.0
008 - DATOS DE LONGITUD FIJA--INFORMACIÓN GENERAL
campo de control de longitud fija 150706s2010 pe a rb 000 0 spa d
020 ## - NÚMERO INTERNACIONAL ESTÁNDAR DEL LIBRO
Número Internacional Estándar del Libro 9786124034503
035 ## - NÚMERO DE CONTROL DEL SISTEMA
Número de control de sistema (Sirsi) i9786124034503
040 ## - FUENTE DE CATALOGACIÓN
Centro catalogador/agencia de origen PE-LiUPU
Lengua de catalogación spa
Centro/agencia transcriptor PE-LiUPU
Normas de descripción rda
082 04 - NÚMERO DE LA CLASIFICACIÓN DECIMAL DEWEY
Número de clasificación 001.42
Cutter Q39 2010
082 04 - NÚMERO DE LA CLASIFICACIÓN DECIMAL DEWEY
Número de clasificación 001.42
Cutter Q5
Número de edición 21
100 1# - ENTRADA PRINCIPAL--NOMBRE DE PERSONA
Nombre de persona Quezada Lucio, Nel,
Fechas asociadas al nombre 1970- ,
Término indicativo de función/relación autor.
245 10 - MENCIÓN DEL TÍTULO
Título Metodología de la investigación :
Resto del título estadística aplicada en la investigación /
Mención de responsabilidad, etc. Nel Quezada Lucio.
250 ## - MENCION DE EDICION
Mención de edición Primera edición.
264 #1 - PRODUCCIÓN, PUBLICACIÓN, DISTRIBUCIÓN, FABRICACIÓN Y COPYRIGHT
Producción, publicación, distribución, fabricación y copyright Lima :
Nombre del de productor, editor, distribuidor, fabricante Macro,
Fecha de producción, publicación, distribución, fabricación o copyright 2010.
300 ## - DESCRIPCIÓN FÍSICA
Extensión 334 páginas :
Otras características físicas ilustraciones ;
Dimensiones 25 centímetros.
336 ## - TIPO DE CONTENIDO
Término de tipo de contenido text
Fuente rdacontent
337 ## - TIPO DE MEDIO
Nombre/término del tipo de medio unmediated
Fuente rdamedia
338 ## - TIPO DE SOPORTE
Nombre/término del tipo de soporte volume
Fuente rdacarrier
504 ## - NOTA DE BIBLIOGRAFÍA, ETC.
Nota de bibliografía, etc. Bibliografía : página 323.
505 0# - NOTA DE CONTENIDO CON FORMATO
Nota de contenido con formato Metodología de la investigación científica -- Investigación -- Métodos y técnicas de investigación -- El diseño de la investigación -- El método científico -- Modelos de investigación -- Planteamiento del problema -- Metodología y diseño muestral -- Recolectar datos o información -- Procesamiento de datos o información -- Estadísticas descriptivas -- Correlación -- Regresión -- Prueba de hipótesis -- Modelos lineal general - ANOVA -- Pruebas no paramétricas -- Conglomerados de K medias -- Series temporales -- Supervivencia y respuestas múltiples.
526 ## - NOTA DE INFORMACIÓN SOBRE EL PROGRAMA DE ESTUDIO
Nombre del programa Segunda Especialidad En Estadística Aplicada Para Investigación (A Distancia)
526 ## - NOTA DE INFORMACIÓN SOBRE EL PROGRAMA DE ESTUDIO
Nombre del programa Segunda Especialidad En Estadística Aplicada Para Investigación
526 ## - NOTA DE INFORMACIÓN SOBRE EL PROGRAMA DE ESTUDIO
Nombre del programa Ingeniería De Ciberseguridad
526 ## - NOTA DE INFORMACIÓN SOBRE EL PROGRAMA DE ESTUDIO
Nombre del programa Ingeniería De Ciencia De Datos E Inteligencia Artificial
526 ## - NOTA DE INFORMACIÓN SOBRE EL PROGRAMA DE ESTUDIO
Nombre del programa Ingeniería De Software
526 ## - NOTA DE INFORMACIÓN SOBRE EL PROGRAMA DE ESTUDIO
Nombre del programa
526 ## - NOTA DE INFORMACIÓN SOBRE EL PROGRAMA DE ESTUDIO
Nombre del programa Comunicación Y Periodismo
526 ## - NOTA DE INFORMACIÓN SOBRE EL PROGRAMA DE ESTUDIO
Nombre del programa Maestría En Ingeniería De Sistemas Con Mención En Dirección Y Gestión De Tecnologías De Información (Semipresencial)
526 ## - NOTA DE INFORMACIÓN SOBRE EL PROGRAMA DE ESTUDIO
Nombre del programa Maestría En Ingeniería De Sistemas Con Mención En Dirección Y Gestión De Tecnologías De Información (A Distancia)
526 ## - NOTA DE INFORMACIÓN SOBRE EL PROGRAMA DE ESTUDIO
Nombre del programa Doctorado en ingeniería de sistemas
526 ## - NOTA DE INFORMACIÓN SOBRE EL PROGRAMA DE ESTUDIO
Nombre del programa Maestría en ingeniería de sistemas con mención en Ingeniería de software
526 ## - NOTA DE INFORMACIÓN SOBRE EL PROGRAMA DE ESTUDIO
Nombre del programa Maestría en ingeniería de sistemas con mención en Dirección y gestión de tecnologías de información
526 ## - NOTA DE INFORMACIÓN SOBRE EL PROGRAMA DE ESTUDIO
Nombre del programa Ingeniería de sistemas
526 ## - NOTA DE INFORMACIÓN SOBRE EL PROGRAMA DE ESTUDIO
Nombre del programa Educación secundaria, especialidad matemática e informática
541 ## - NOTA DE FUENTE DE ADQUISICIÓN DIRECTA
-- 001-000065;
541 ## - NOTA DE FUENTE DE ADQUISICIÓN DIRECTA
-- 001-000065;
541 ## - NOTA DE FUENTE DE ADQUISICIÓN DIRECTA
-- 001-000065;
541 ## - NOTA DE FUENTE DE ADQUISICIÓN DIRECTA
-- 001-0035141;
596 ## -
-- 1 2 3
650 04 - PUNTO DE ACCESO ADICIONAL DE MATERIA--TÉRMINO DE MATERIA
Término de materia o nombre geográfico como elemento de entrada Investigación
Subdivisión general Estadística.
650 04 - PUNTO DE ACCESO ADICIONAL DE MATERIA--TÉRMINO DE MATERIA
Término de materia o nombre geográfico como elemento de entrada Investigación
Subdivisión general Metodología.
910 ## - DATOS DE OPCIÓN DEL USUARIO (OCLC)
Datos de opción del usuario gl
-- jv
-- ng
-- 20120511
910 ## - DATOS DE OPCIÓN DEL USUARIO (OCLC)
-- tqv
-- welc
-- 20160713
942 ## - ELEMENTOS DE ENTRADA SECUNDARIOS (KOHA)
Fuente del sistema de clasificación o colocación Clasificación Decimal Dewey
Tipo de ítem Koha
994 ## -
-- C0
-- PEPRU
949 ## - PROCESAMIENTO DE INFORMACIÓN LOCAL (OCLC)
a 001 Q5 2010
w DEWEY
c 1
i FT02594
d 2018-5-28
e 2018-4-25
l CCODEBUT1
m BUT
n 4
p 14.00
r 0
s Y
t BOOK
u 2015-8-27
x FCE
-- P08
0 COMPRA
o .STAFF. Colección General
949 ## - PROCESAMIENTO DE INFORMACIÓN LOCAL (OCLC)
a 001.42 Q39 2010
w DEWEY
c 1
i FJ00895
d 2018-5-31
e 2018-5-28
f 2017-12-28
g 1
l CCODEBUJ1
m BUJ
n 6
p 20.71
q 2
r 0
s Y
t BOOK
u 2016-7-13
x INGENIERIA
-- P27
0 COMPRA
o .STAFF. Colección General Juliaca
949 ## - PROCESAMIENTO DE INFORMACIÓN LOCAL (OCLC)
a 001.42 Q39 2010
w DEWEY
c 2
i FJ00896
d 2018-5-31
e 2018-5-28
f 2017-12-28
g 1
l CCODEBUJ1
m BUJ
n 5
p 20.71
q 3
r 0
s Y
t BOOK
u 2016-7-13
x INGENIERIA
-- P27
0 COMPRA
o .STAFF. Colección General Juliaca
949 ## - PROCESAMIENTO DE INFORMACIÓN LOCAL (OCLC)
a 001.42 Q39 2010
w DEWEY
c 3
i FJ00897
d 2018-4-11
e 2018-4-6
f 2017-12-28
g 1
l CCODEBUJ1
m BUJ
n 7
p 20.71
r 0
s Y
t BOOK
u 2016-7-13
x INGENIERIA
-- P27
0 COMPRA
o .STAFF. Colección General Juliaca
949 ## - PROCESAMIENTO DE INFORMACIÓN LOCAL (OCLC)
a 001.42 Q39 2010
w DEWEY
c 4
i FJ00898
d 2017-9-20
e 2017-9-19
f 2017-12-28
g 1
l CCODEBUJ1
m BUJ
n 3
p 20.71
q 1
r 0
s Y
t BOOK
u 2016-7-13
x INGENIERIA
-- P27
0 COMPRA
o .STAFF. Colección General Juliaca
949 ## - PROCESAMIENTO DE INFORMACIÓN LOCAL (OCLC)
a 001.42 Q5
w DEWEY
c 1
i 64551
d 2018-5-29
e 2018-4-16
f 2018-2-12
g 4
l CCODEBUL1
m BUL
n 11
p 14.00
q 4
r 0
s Y
t BOOK
u 2015-7-6
x INGENIERIA
-- P27
0 COMPRA
o .STAFF. Colección General
949 ## - PROCESAMIENTO DE INFORMACIÓN LOCAL (OCLC)
a 001.42 Q5
w DEWEY
c 2
i 68562
d 2016-2-5
e 2016-1-28
f 2018-2-12
g 3
l CCODEBUL1
m BUL
n 2
p 17.00
r 0
s Y
t BOOK
u 2015-7-6
x FCE
-- P47
0 COMPRA
o .STAFF. Colección General
949 ## - PROCESAMIENTO DE INFORMACIÓN LOCAL (OCLC)
a 001.42 Q5
w DEWEY
c 3
i 68563
d 2018-5-31
e 2018-5-31
f 2018-2-12
g 3
k CHECKEDOUT
l CCODEBUL1
m BUL
n 6
p 17.00
q 2
r M
s Y
t BOOK
u 2015-7-6
x FCE
-- P47
0 COMPRA
o .STAFF. Colección General
949 ## - PROCESAMIENTO DE INFORMACIÓN LOCAL (OCLC)
a 001.42 Q5
w DEWEY
c 4
i 68564
d 2018-3-27
e 2015-12-27
f 2018-2-12
g 3
l CCODEBUL1
m BUL
n 6
p 17.00
q 4
r 0
s Y
t BOOK
u 2015-7-6
x FCE
-- P47
0 COMPRA
o .STAFF. Colección General
999 ## - NÚMEROS DE CONTROL DE SISTEMA (KOHA)
-- DEWEY
-- 64551
-- 2019-1-10
-- 2021-11-4
-- 7
-- CCODEBUL1
-- BUL
-- 12
-- 14.00
-- 5
-- 0
-- Y
-- BOOK
-- 2015-7-6
-- BIBLIOTECA
-- P27
-- COMPRA
-- .STAFF. Colección General
999 ## - NÚMEROS DE CONTROL DE SISTEMA (KOHA)
-- DEWEY
-- 68562
-- 2016-1-28
-- 2021-11-4
-- 6
-- CCODEBUL1
-- BUL
-- 2
-- 17.00
-- 3
-- 0
-- Y
-- BOOK
-- 2015-7-6
-- BIBLIOTECA
-- P47
-- COMPRA
-- .STAFF. Colección General
999 ## - NÚMEROS DE CONTROL DE SISTEMA (KOHA)
-- DEWEY
-- 68563
-- 2019-11-29
-- 2021-11-4
-- 6
-- CCODEBUL1
-- BUL
-- 15
-- 17.00
-- 2
-- 0
-- Y
-- BOOK
-- 2015-7-6
-- BIBLIOTECA
-- P47
-- COMPRA
-- .STAFF. Colección General
999 ## - NÚMEROS DE CONTROL DE SISTEMA (KOHA)
-- DEWEY
-- 68564
-- 2019-4-1
-- 2021-11-4
-- 6
-- CCODEBUL1
-- BUL
-- 8
-- 17.00
-- 7
-- 0
-- Y
-- BOOK
-- 2015-7-6
-- BIBLIOTECA
-- P47
-- COMPRA
-- .STAFF. Colección General
999 ## - NÚMEROS DE CONTROL DE SISTEMA (KOHA)
-- DEWEY
-- FT02594
-- 2019-8-15
-- 2019-2-20
-- 2
-- CCODEBUT1
-- BUT
-- 5
-- 14.00
-- 0
-- Y
-- BOOK
-- 2015-8-27
-- FCE
-- P08
-- COMPRA
-- .STAFF. Colección General
999 ## - NÚMEROS DE CONTROL DE SISTEMA (KOHA)
-- DEWEY
-- FJ00895
-- 2019-9-11
-- 2021-12-27
-- 4
-- CCODEBUJ1
-- BUJ
-- 11
-- 20.71
-- 8
-- 0
-- Y
-- BOOK
-- 2016-7-13
-- INGENIERIA
-- P27
-- COMPRA
-- .STAFF. Colección General Juliaca
999 ## - NÚMEROS DE CONTROL DE SISTEMA (KOHA)
-- DEWEY
-- FJ00896
-- 2019-10-17
-- 2021-12-27
-- 4
-- CCODEBUJ1
-- BUJ
-- 11
-- 20.71
-- 6
-- 0
-- Y
-- BOOK
-- 2016-7-13
-- INGENIERIA
-- P27
-- COMPRA
-- .STAFF. Colección General Juliaca
999 ## - NÚMEROS DE CONTROL DE SISTEMA (KOHA)
-- DEWEY
-- FJ00897
-- 2019-10-17
-- 2021-12-27
-- 3
-- CCODEBUJ1
-- BUJ
-- 11
-- 20.71
-- 9
-- 0
-- Y
-- BOOK
-- 2016-7-13
-- INGENIERIA
-- P27
-- COMPRA
-- .STAFF. Colección General Juliaca
999 ## - NÚMEROS DE CONTROL DE SISTEMA (KOHA)
-- DEWEY
-- FJ00898
-- 2019-5-16
-- 2021-12-27
-- 3
-- CCODEBUJ1
-- BUJ
-- 4
-- 20.71
-- 11
-- 0
-- Y
-- BOOK
-- 2016-7-13
-- INGENIERIA
-- P27
-- COMPRA
-- .STAFF. Colección General Juliaca
980 ## - EQUIVALENCIA O REFERENCIA-CRUZADA-MENCIÓN DE SERIE--NOMBRE DE PERSONA/TÍTULO [LOCAL, CANADÁ]
ID del último usuario que modificó el registro 1
Nombre del último usuario que modificó el registro ALBERTO SANCHEZ Responsable de Automatización
Existencias
Visto por última vez Número de inventario Total de préstamos Signatura topográfica completa Código de barras Fecha del último préstamo Copia número Coste, precio de reemplazo Fecha de reemplazo Facultad Tipo de ítem Koha Nota pública Estado de pérdida Fuente del sistema de clasificación o colocación Restricciones de uso No para préstamo Colección Programa académico Biblioteca de origen Biblioteca actual Ubicación en estantería Fecha de adquisición Fuente de adquisición Coste, precio normal de compra
2025-12-02 8 12 001.42 Q5 64551 2019-01-10 e1 19.00 2015-07-06 FIA Libros físicos inventario-2023-12-13 No Perdido Clasificación Decimal Dewey No restringido Disponible para préstamos Colección General Ingeniería de sistemas Biblioteca CRAI UPeU Lima Biblioteca CRAI UPeU Lima Sala principal 2015-07-06 COMPRA 14.00
2025-12-02 7 2 001.42 Q5 68562 2016-01-28 e2 22.00 2015-07-06 FIA Libros físicos inventario-2023-12-13 No Perdido Clasificación Decimal Dewey No restringido Disponible para préstamos Colección General Ingeniería de sistemas Biblioteca CRAI UPeU Lima Biblioteca CRAI UPeU Lima Sala principal 2015-07-06 COMPRA 17.00
2025-12-02 7 15 001.42 Q5 68563 2019-11-29 e3 22.00 2015-07-06 FIA Libros físicos inventario-2023-12-13 No Perdido Clasificación Decimal Dewey No restringido Disponible para préstamos Colección General Ingeniería de sistemas Biblioteca CRAI UPeU Lima Biblioteca CRAI UPeU Lima Sala principal 2015-07-06 COMPRA 17.00
2025-12-02 7 8 001.42 Q5 68564 2019-04-01 e4 22.00 2015-07-06 FIA Libros físicos inventario-2023-12-13 No Perdido Clasificación Decimal Dewey No restringido Disponible para préstamos Colección General Ingeniería de sistemas Biblioteca CRAI UPeU Lima Biblioteca CRAI UPeU Lima Sala principal 2015-07-06 COMPRA 17.00